Online
Catalog

Relatos fantásticos latinoamericanos 1. / (Record no. 40280)

MARC details
000 -CABECERA
campo de control de longitud fija 00583nam a2200193 a 4500
001 - NÚMERO DE CONTROL
campo de control 000040790
005 - FECHA Y HORA DE LA ÚLTIMA TRANSACCIÓN
campo de control 20201002034400.0
008 - DATOS DE LONGITUD FIJA--INFORMACIÓN GENERAL
campo de control de longitud fija 130906s2007 sp 000 0 spa d
020 ## - NÚMERO INTERNACIONAL ESTÁNDAR DEL LIBRO
Número Internacional Estándar del Libro 8478842594
040 ## - FUENTE DE LA CATALOGACIÓN
Centro catalogador/agencia de origen DO-SdBNP
Lengua de catalogación spa
Centro/agencia transcriptor BNPHU
082 ## - NÚMERO DE LA CLASIFICACIÓN DECIMAL DEWEY
Número de clasificación xxx
Número de documento/Ítem xxx
245 00 - MENCIÓN DE TÍTULO
Título Relatos fantásticos latinoamericanos 1. /
Mención de responsabilidad, etc. Eduardo Galeano... [et.al.].
250 ## - MENCIÓN DE EDICIÓN
Mención de edición 7ma. ed.
260 ## - PUBLICACIÓN, DISTRIBUCIÓN, ETC.
Lugar de publicación, distribución, etc. Madrid, :
Nombre del editor, distribuidor, etc. Popular,
Fecha de publicación, distribución, etc. [2007].
300 ## - DESCRIPCIÓN FÍSICA
Extensión 103 p. ;
Dimensiones 20 cm.
490 1# - MENCIÓN DE SERIE
Mención de serie Letra grande
500 ## - NOTA GENERAL
Nota general La biblioteca posee la edic. 2007 y una reimpresión del 2008
830 #0 - PUNTO DE ACCESO ADICIONAL DE SERIE-TÍTULO UNIFORME
Título uniforme Letra grande
9 (RLIN) 27167
Holdings
Estado de retiro Estado de pérdida Restricciones de uso No para préstamo Código de colección Localización permanente Ubicación/localización actual Ubicación en estantería Fecha de adquisición Número de inventario Total de préstamos Signatura topográfica completa Código de barras Fecha visto por última vez Precio válido a partir de Tipo de ítem Koha Número de copia
      Excluido de préstamo Monografías: Libros y Folletos General General En catalogación 06.09.2013 LF1   xxx xxx 40790-10 25.06.2020 25.06.2020 No se presta  
      Excluido de préstamo Monografías: Libros y Folletos General General En catalogación 19.09.2013 LF1   xxx xxx 40790-20 25.06.2020 25.06.2020 No se presta e. 2

Powered by Koha